Hybrid simulation models of production networks : Vassilis S. Kouikoglou and Yannis A. Phillis

Αποθηκεύτηκε σε:
Λεπτομέρειες βιβλιογραφικής εγγραφής
Κύριος συγγραφέας: Κουϊκόγλου, Βασίλειος Σ.
Άλλοι συγγραφείς: Φίλης, Γιάννης Α., 1950-
Μορφή: Βιβλίο
Γλώσσα:English
Δημοσίευση: New York : Kluwer Academic/Plenum Publishers, c2001
Θέματα:
Ετικέτες: Προσθήκη ετικέτας
Δεν υπάρχουν, Καταχωρήστε ετικέτα πρώτοι!

MARC

LEADER 00000nam a2200000 i 4500
001 1/52489
008 070824s2001 eng d
020 |a 0-306-46592-2 
035 |l 10090017 
040 |a GR-MY-UA  |b gre  |e aacr 
041 0 |a eng 
082 0 |a 658.5  |2 (22) 
100 1 |a Κουϊκόγλου, Βασίλειος Σ. 
245 1 0 |a Hybrid simulation models of production networks :  |b Vassilis S. Kouikoglou and Yannis A. Phillis 
260 |a New York :   |b Kluwer Academic/Plenum Publishers,   |c c2001 
300 |a ix, 196 σ.;  |b εικ.;  |c 26 εκ. 
504 |a Περιλαμβάνει βιβλιογραφικές παραπομπές (σ. 189-190) και ευρετήριο 
650 0 0 |a Manufacturing processes  |x Mathematical models. 
700 1 |a Φίλης, Γιάννης Α.,   |d 1950- 
852 |a INST  |b SAMOS  |e 20070824  |h 658.5 KOY  |p 005300028495  |q 005300028495  |t BK  |y 0 
901 |a BIBL3-2007-2 
909 |a Σ  |b 137102 
922 |a 3ΕΛΗ  |b 200707  |c ΕΠΕΑΕΚ2/ΤΜΗΜΑ ΜΑΘΗΜΑΤΙΚΩΝ  |d ΠΑΠΑΣΩΤΗΡΙΟΥ 
970 |a ΣΙΤΖΙΜΗ  |b ΓΙΑΣΕΜΗ  |z 2007/08/24